[Event "Bundesliga 9697"]
[Site "Germany"]
[Date "1996.??.??"]
[Round "?.1"]
[White "Onischuk, Alexander"]
[Black "Khalifman, Alexander"]
[Result "1/2-1/2"]
[WhiteElo "2605"]
[BlackElo "2640"]

1.Nf3 d5 2.c4 c6 3.d4 Nf6 4.e3 e6 5.Nc3 Nbd7 6.Qc2 Bd6 7.Be2 O-O 8.O-O dxc4
9.Bxc4 Qe7 10.b3 e5 11.Re1 a6 12.Bb2 b5 13.Bd3 Bb7 14.Ne4 Nxe4 15.Bxe4 g6
16.Rac1 Rac8 17.dxe5 Nxe5 18.Red1 Nxf3+ 19.Bxf3 Ba3 20.Bxa3 Qxa3 21.h4 Qe7
22.Qe4 Qxe4 23.Bxe4 Rfd8 24.g4 h6 25.Kg2 Kf8 26.Kg3 Ke7 27.Kf4 Rxd1 28.Rxd1 Rc7
29.Rc1 Kd6 30.g5 hxg5+ 31.Kxg5 c5 32.Bxb7 Rxb7 33.e4 Rc7 34.f4 c4 35.bxc4 Rxc4
36.Re1 Ke7 37.f5 Rc2 38.fxg6 Rg2+ 39.Kf4 fxg6 40.a3 Rh2 41.Kg5 Rg2+ 42.Kf4 Rh2  1/2-1/2

[Event "Bundesliga 9697"]
[Site "Germany"]
[Date "1996.??.??"]
[Round "?.2"]
[White "Schlosser, Philipp"]
[Black "Teske, Henrik"]
[Result "1-0"]
[WhiteElo "2560"]
[BlackElo "2520"]

1.Nf3 Nf6 2.c4 c6 3.Nc3 d5 4.e3 e6 5.d4 Nbd7 6.Qc2 Bd6 7.Bd3 O-O 8.O-O Re8
9.Rd1 Qe7 10.c5 Bc7 11.e4 e5 12.exd5 Nxd5 13.Bxh7+ Kh8 14.Bg5 f6 15.Nh4 Nf8
16.Nxd5 cxd5 17.Be3 f5 18.Ng6+ Nxg6 19.Bxg6 f4 20.Qe2 Be6 21.Qh5+ Kg8 22.dxe5 fxe3
23.fxe3 Qxc5 24.Bxe8 Qxe3+ 25.Kh1 Qxe5 26.Re1 Qxh5 27.Bxh5 Bf5 28.Rad1 Rd8
29.Re7 Bf4 30.Rf7 Bg4 31.Rxf4 Bxh5 32.g4 Bg6 33.Kg2 Rc8 34.Rxd5 Rc2+ 35.Kg3 Rxb2
36.h4 Rxa2 37.h5 Be8 38.Re4 Bc6 39.Rd8+ Kh7 40.Re7 a5 41.Rd6 Rg2+ 42.Kh3  1-0

[Event "Landesliga Sued 9697 Bayern"]
[Site "Germany"]
[Date "1996.??.??"]
[Round "?"]
[White "Hartl, Aldo"]
[Black "Boehm, Uwe"]
[Result "0-1"]
[WhiteElo "2100"]
[BlackElo "2195"]

1.d4 d5 2.Nf3 Nf6 3.c4 c6 4.Nc3 e6 5.e3 Nbd7 6.Bd3 dxc4 7.Bxc4 b5 8.Bd3 a6
9.e4 c5 10.d5 c4 11.dxe6 fxe6 12.Bc2 Qc7 13.O-O Bb7 14.Qe2 O-O-O 15.e5 Nd5
16.Bg5 Re8 17.Rfe1 Bb4 18.Bd2 Be7 19.Rac1 Ref8 20.Nxd5 Bxd5 21.Nd4 Bc5 22.Nf3 Kb8
23.Be4 Qb7 24.Rcd1 Nb6 25.Bc1 h6 26.h3 Qf7 27.Bxd5 Nxd5 28.a3 Qa7 29.Bd2 Rf5
30.Rf1 Rhf8 31.Qe4 Qb6 32.Rde1 g5 33.Re2 R8f7 34.Rd1 Qa7 35.Rf1 Rd7 36.Rfe1 Qb6
37.Rf1 Rg7 38.Qg4 Qa7 39.Re4 Qf7 40.Re2 Nf4 41.Bxf4 Rxf4 42.Qg3 g4 43.Nh2 gxh3
44.Qxh3 Qg6 45.Kh1 Rgf7 46.f3 h5 47.Rd1 Rd4 48.Rde1 Rfd7 49.Nf1 Rd3 50.Ng3 h4
51.Ne4 Bd4 52.Nf6 Re7 53.Qxh4 Rc7 54.Qh3 Rb3 55.Qxe6 Rh7+  0-1

[Event "Bundesliga 9697"]
[Site "Germany"]
[Date "1996.??.??"]
[Round "?.5"]
[White "Borik, Otto"]
[Black "Klebel, Martin"]
[Result "0-1"]
[WhiteElo "2410"]
[BlackElo "2410"]

1.Nf3 d5 2.c4 c6 3.d4 Nf6 4.Nc3 e6 5.e3 Nbd7 6.Qc2 Bd6 7.Bd2 O-O 8.Rc1 Qe7
9.Be2 dxc4 10.Bxc4 e5 11.O-O e4 12.Ng5 Nb6 13.Bb3 Bxh2+ 14.Kxh2 Ng4+ 15.Kg1 Qxg5
16.Qxe4 Bf5 17.Qf3 Bd3 18.Rfd1 Qh4 19.Qf4 g5 20.Qg3 Qxg3 21.fxg3 Nf6 22.e4 Nxe4
23.Be3 Nxc3 24.bxc3 Bc4 25.Bxg5 f6 26.Bf4 Rfe8 27.Rb1 Bxb3 28.axb3 Nd5 29.Bd2 a5
30.c4 Ne3 31.Re1 Nc2 32.Rxe8+ Rxe8 33.Bxa5 Nxd4 34.Bb6 Ne2+ 35.Kf2 Nc3 36.Re1 Ne4+
37.Kg1 Kf7 38.Re3 f5 39.Bc7 Nc5 40.Rf3 Kg6 41.Bb6 Ne4 42.Rd3 Ra8 43.Kh2 Ra1
44.Rd7 Rb1 45.Rxb7 Rxb3 46.Rb8 Rb1 47.Ba7 Rxb8 48.Bxb8 Nd2 49.g4 fxg4 50.Kg3 Kf5
51.Kh4 Nxc4 52.Kh5 Nd2 53.Ba7 Nb3  0-1

[Event "Bundesliga 9697"]
[Site "Germany"]
[Date "1996.??.??"]
[Round "?.1"]
[White "Dautov, Rustem"]
[Black "Shirov, Alexei"]
[Result "1/2-1/2"]
[WhiteElo "2615"]
[BlackElo "2685"]

1.d4 d5 2.c4 c6 3.Nf3 Nf6 4.Nc3 e6 5.e3 Nbd7 6.Qc2 Bd6 7.Bd3 O-O 8.O-O Qe7
9.c5 Bc7 10.e4 dxe4 11.Nxe4 h6 12.Re1 Rd8 13.a3 Nxe4 14.Bxe4 Nf6 15.Bd3 Bd7
16.b4 Be8 17.Qe2 Nd5 18.Qe4 Nf6 19.Qh4 Rd5 20.g4 Bd8 21.g5 Nh7 22.Be4 Nxg5
23.Nxg5 Rxg5+ 24.Bxg5 Qxg5+ 25.Qxg5 Bxg5 26.b5 Bf6  1/2-1/2

[Event "Gistrup"]
[Site "Gistrup"]
[Date "1996.??.??"]
[Round "3"]
[White "Hellsten, Johan"]
[Black "Filippov, Valerij"]
[Result "1-0"]
[WhiteElo "2490"]
[BlackElo "2565"]

1.d4 d5 2.c4 c6 3.Nf3 Nf6 4.Nc3 e6 5.e3 Nbd7 6.Qc2 Bd6 7.g4 dxc4 8.Bxc4 e5
9.g5 Nd5 10.Ne4 Bb4+ 11.Bd2 Bxd2+ 12.Qxd2 Qe7 13.Rg1 N7b6 14.Bb3 exd4 15.Qxd4 Bf5
16.Ng3 Bg6 17.h4 Nb4 18.h5 Bc2 19.Rc1 Nd3+ 20.Kf1 Bxb3 21.Qxd3 Be6 22.h6 g6
23.Qd4 Rf8 24.Ne4 Nd5 25.Rg3 Bf5 26.Nf6+ Nxf6 27.gxf6 Qd7 28.Qxd7+ Kxd7 29.Ng5 Kc7
30.Rd1 Be6 31.e4 Rad8 32.Rxd8 Rxd8 33.b3 c5 34.Rc3 Kc6 35.Ke2 b5 36.Ke3 Re8
37.a3 a5 38.Rd3 c4 39.bxc4 Bxc4 40.Rd1 b4 41.Rc1 Kc5 42.Nxf7 bxa3 43.Ne5 a2
44.Rxc4+ Kd6 45.Rc6+  1-0

[Event "Gistrup"]
[Site "Gistrup"]
[Date "1996.??.??"]
[Round "5"]
[White "Volzhin, Alexander"]
[Black "Rasmussen, Karsten"]
[Result "0-1"]
[WhiteElo "2485"]
[BlackElo "2435"]

1.d4 d5 2.c4 c6 3.Nc3 Nf6 4.e3 e6 5.Nf3 Nbd7 6.Bd3 dxc4 7.Bxc4 b5 8.Bd3 Bb7
9.e4 b4 10.Na4 c5 11.e5 Nd5 12.O-O h6 13.dxc5 Nxc5 14.Nxc5 Bxc5 15.Nd2 O-O
16.Ne4 Bd4 17.Nd6 Bc6 18.Qe2 f5 19.Rd1 Qh4 20.Bc4 Bb6 21.Bd2 f4 22.Qf3 Ne7
23.Ne4 Kh8 24.Bxb4 Ng6 25.Bc3 Rf5 26.Rd6 Bxe4 27.Qxe4 Bxf2+ 28.Kf1 Raf8 29.Bxe6 Rg5
30.h3 f3 31.Bg4 fxg2+ 32.Kxg2 Nf4+ 33.Kf1 Nxh3 34.Bf3 Nf4  0-1

[Event "Gistrup"]
[Site "Gistrup"]
[Date "1996.??.??"]
[Round "8"]
[White "Schandorff, Lars"]
[Black "Rasmussen, Karsten"]
[Result "1/2-1/2"]
[WhiteElo "2495"]
[BlackElo "2435"]

1.d4 d5 2.c4 c6 3.Nf3 Nf6 4.Nc3 e6 5.e3 Nbd7 6.Qc2 Bd6 7.g4 dxc4 8.Bxc4 Nd5
9.Ne4 Be7 10.Bd2 b6 11.h4 Bb7 12.Rh3 h6 13.g5 Qc7 14.g6 fxg6 15.Nc3 O-O-O
16.Qxg6 Bf6 17.Rc1 Nxc3 18.Bxc3 Rhe8 19.Rg3 Kb8 20.b4 Re7 21.Be2 e5 22.dxe5 Nxe5
23.Nxe5 Bxe5 24.Bxe5 Qxe5 25.Qc2 Qf6 26.Rg4 g5 27.Qc3 Qf5 28.Qc2 Qd5 29.Rd1 Qh1+
30.Bf1 Rf8 31.Qd3 Ree8 32.hxg5 hxg5 33.a4 Qf3 34.Qe2 Qf5 35.Rgd4 c5 36.Rd7 Bc6
37.Rg7 Qe5 38.Rh7 Bxa4 39.Rc1 Qf5 40.Rxa7 Bb5 41.Qd2 Rd8 42.Qa2 Bxf1 43.Ra8+ Kb7
44.Ra7+ Kb8 45.Ra8+ Kb7 46.Ra7+ Kc6 47.Kxf1 Qh3+ 48.Kg1 Qg4+ 49.Kf1 Qh3+
50.Kg1 Qg4+ 51.Kf1 Rd1+ 52.Rxd1 Qxd1+ 53.Kg2 Qg4+ 54.Kf1 Qd1+ 55.Kg2 Qf3+
56.Kg1 Qg4+ 57.Kf1 Qd1+  1/2-1/2

[Event "Gistrup"]
[Site "Gistrup"]
[Date "1996.??.??"]
[Round "9"]
[White "Aleksandrov, Aleksej"]
[Black "Schandorff, Lars"]
[Result "1-0"]
[WhiteElo "2550"]
[BlackElo "2495"]

1.d4 d5 2.c4 c6 3.Nc3 Nf6 4.e3 e6 5.Nf3 Nbd7 6.Bd3 dxc4 7.Bxc4 b5 8.Be2 Bb7
9.O-O a6 10.e4 c5 11.e5 Nd5 12.a4 b4 13.Ne4 Qc7 14.Re1 h6 15.b3 Be7 16.Bb2 O-O
17.Rc1 Rac8 18.Nfd2 Nf4 19.Bf1 Qb8 20.Nc4 Qa8 21.f3 Bxe4 22.Rxe4 Nd5 23.Kh1 Rfd8
24.Nd6 Rc6 25.dxc5 Nxc5 26.Re1 Bg5 27.Rc4 Ne3 28.Rxe3 Bxe3 29.Qe2 Bg5 30.Qc2 Be3
31.f4 Rcxd6 32.exd6 Nd7 33.Qd3 Bc5 34.Rxc5 Nxc5 35.Qd4 e5 36.Qxe5 Ne6 37.f5  1-0

[Event "Gleisdorf ch"]
[Site "Gleisdorf"]
[Date "1996.??.??"]
[Round "2"]
[White "Hoedl Schlehofer, J."]
[Black "Laschet, Ewald"]
[Result "0-1"]
[WhiteElo "1795"]
[BlackElo "1920"]

1.d4 d5 2.c4 e6 3.Nc3 c6 4.Nf3 Nf6 5.e3 Nbd7 6.Bd3 Bd6 7.O-O O-O 8.Re1 e5
9.dxe5 Nxe5 10.Nxe5 Bxe5 11.h3 dxc4 12.Bxc4 Qe7 13.Qc2 Be6 14.Bxe6 Qxe6 15.Bd2 Rac8
16.Rad1 b5 17.f4 Bb8 18.e4 Nh5 19.Ne2 c5 20.Be3 Nf6 21.Ng3 c4 22.Qf2 h5 23.Qf3 h4
24.e5 hxg3 25.exf6 Qxf6 26.Rd7 Rfe8 27.Qxg3 Re4 28.Bd2 Rxe1+ 29.Qxe1 Bxf4
30.Bxf4 Qxf4 31.Rxa7 b4 32.Ra4 Qd4+ 33.Kh2 c3 34.bxc3 Qd6+ 35.g3 bxc3 36.Re4 Qd2+
37.Kg1 Qd7 38.Qc1 Qxh3 39.Kf2 Qh2+ 40.Kf3 Qxa2 41.Rh4 Qd5+ 42.Kf2 c2 43.Ra4 Qc5+
44.Ke1 Re8+  0-1

[Event "Gleisdorf ch"]
[Site "Gleisdorf"]
[Date "1996.??.??"]
[Round "4"]
[White "Polz, W."]
[Black "Schrottner, H."]
[Result "0-1"]
[WhiteElo "2005"]
[BlackElo "1815"]

1.d4 d5 2.c4 c6 3.Nf3 Nf6 4.Nc3 e6 5.e3 Be7 6.Bd3 Nbd7 7.O-O b6 8.cxd5 cxd5
9.Bd2 Bb7 10.Rc1 a6 11.a4 O-O 12.Qe2 Ne4 13.Rc2 Bd6 14.Rfc1 f5 15.Na2 Ndf6
16.Bb4 Ng4 17.Bxd6 Qxd6 18.Qe1 Rac8 19.h3 Rxc2 20.Rxc2 Ngf6 21.Qc1 Qb8 22.Nb4 a5
23.Nc6 Bxc6 24.Rxc6 Nd6 25.Ne5 Rc8 26.Ba6 Rxc6 27.Qxc6 Qd8 28.Bc8 Qe7 29.Qa8 Nfe8
30.Bd7 Kf8 31.Qc6 Nf6 32.g4 fxg4 33.hxg4 g5 34.f4 gxf4 35.exf4 Nfe4 36.g5 Kg7
37.Qxb6 h6 38.Qxa5 hxg5 39.Qe1 gxf4 40.Qe2 Nf5 41.Qh5 Nxd4 42.Qg6+ Kf8 43.Qg2 Qf6
44.Ng4 Qh4 45.Nh2 Qe1+  0-1

[Event "Gleisdorf ch"]
[Site "Gleisdorf"]
[Date "1996.??.??"]
[Round "6"]
[White "Hanatzky, K."]
[Black "Teuschler, A."]
[Result "1/2-1/2"]
[WhiteElo "1830"]
[BlackElo "1965"]

1.c4 e6 2.Nc3 d5 3.e3 Nf6 4.Nf3 c6 5.d4 Be7 6.Bd3 dxc4 7.Bxc4 Nbd7 8.O-O O-O
9.Bd3 Re8 10.Qc2 Nf8 11.Rd1 Qa5 12.h3 Nd5 13.Nxd5 exd5 14.Bf5 Bf6 15.Bxc8 Raxc8
16.a4 Ne6 17.Bd2 Qd8 18.b4 b6 19.Rac1 c5 20.dxc5 bxc5 21.bxc5 Rxc5 22.Qb1 Qb6
23.Rxc5 Nxc5 24.Qc2 Ne6 25.a5 Qa6 26.Qb3 Rd8 27.Bc3 Nc5 28.Qc2 Bxc3 29.Qxc3 Ne4
30.Qe1 h6 31.Nd4 Nf6 32.Rc1 Rc8 33.Nf5 Rxc1 34.Qxc1 Qc4 35.Qb1 g6 36.Qb8+ Kh7
37.Ng3 Qc6 38.Qxa7 Qd6 39.Qd4  1/2-1/2

[Event "Goch op"]
[Site "Goch"]
[Date "1996.??.??"]
[Round "2"]
[White "Kistella, Roman"]
[Black "Weyerhauser, Joerg"]
[Result "1-0"]
[WhiteElo "2270"]
[BlackElo "2030"]

1.d4 d5 2.Nf3 Nf6 3.c4 e6 4.Nc3 c6 5.e3 Nbd7 6.Bd3 dxc4 7.Bxc4 b5 8.Bd3 a6
9.e4 Bb7 10.O-O c5 11.d5 exd5 12.exd5 Bd6 13.Re1+ Kf8 14.b3 Qc7 15.Bb2 Rd8
16.a4 b4 17.Ne4 Nxd5 18.Bxa6 Bc6 19.Bb5 N7f6 20.Nxd6 Nc3 21.Bxc3 bxc3 22.Bxc6 Qxc6
23.Qc2 Rxd6 24.Qxc3 Nd5 25.Qc4 f6 26.Rac1 Kf7 27.Nd4 Qb6 28.Nf5 Rd7 29.a5 Qb7
30.Re7+ Kf8 31.Rxd7 Qxd7 32.Qxc5+ Kf7 33.Nd6+ Kg6 34.Qxd5 Rd8 35.Rd1 f5 36.h3  1-0

[Event "Goch op"]
[Site "Goch"]
[Date "1996.??.??"]
[Round "3"]
[White "Mallow, Peter"]
[Black "Ydo, Pim"]
[Result "0-1"]
[WhiteElo "1930"]
[BlackElo "2140"]

1.d4 d5 2.c4 c6 3.e3 Nf6 4.Nc3 e6 5.Nf3 Nbd7 6.a3 Bd6 7.c5 Bc7 8.b4 e5 9.Be2 O-O
10.Bb2 e4 11.Nd2 a6 12.a4 Ne8 13.b5 axb5 14.axb5 Rxa1 15.Qxa1 Ba5 16.b6 Bxc3
17.Bxc3 Qg5 18.g3 Nef6 19.Nb3 Ng4 20.h3 Nh6 21.Kd2 f5 22.Kc2 Qe7 23.Qa7 Nf6
24.Na5 Qd7 25.Rb1 Nf7 26.Bd2 Ng5 27.Ba6 Rf7 28.Qa8 Ne8 29.Nxc6 Qxc6 30.Bb5 Qe6
31.Ba4 Bd7 32.Ra1 Bc6 33.h4 Nf3 34.Qd8 Rf8 35.Bxc6 Qxc6 36.Ra8 h6 37.Bc1 Ne1+
38.Kd2 Nd3 39.Rc8 Qb5 40.Qxd5+ Kh7 41.Qe6 Qa5+ 42.Kc2 Qa1 43.Rxe8 Qxc1+ 44.Kb3 Qb2+
45.Kc4 Qa2+ 46.Kc3 Qa5+ 47.Kc4 Qa4+ 48.Kd5  0-1

[Event "Goch op"]
[Site "Goch"]
[Date "1996.??.??"]
[Round "4"]
[White "Wolkowski, Boris"]
[Black "Woller, Rainer"]
[Result "1-0"]
[WhiteElo "2050"]
[BlackElo "2210"]

1.d4 d5 2.c4 c6 3.Nf3 Nf6 4.Nc3 e6 5.e3 Nbd7 6.Qc2 Bd6 7.Bd3 O-O 8.O-O dxc4
9.Bxc4 Qe7 10.Rd1 b5 11.Bf1 a6 12.e4 e5 13.h3 h6 14.Be3 Re8 15.Ne2 exd4 16.Nexd4 Bb8
17.Nxc6 Qxe4 18.Bd3 Qa4 19.b3 Qa3 20.Nxb8 Rxb8 21.Bf4 Rb6 22.Bc7 Rb7 23.Bd6 Qa5
24.Nd4 Kh8 25.Rac1 Qb6 26.Nf5 Ra7 27.Bf4 Ra8 28.Nd6 Rf8 29.Be2 Rb8 30.Nxf7+  1-0

[Event "Goch op"]
[Site "Goch"]
[Date "1996.??.??"]
[Round "7"]
[White "Kistella, Roman"]
[Black "Jung, Thomas"]
[Result "1-0"]
[WhiteElo "2270"]
[BlackElo "2135"]

1.d4 d5 2.Nf3 Nf6 3.c4 c6 4.Nc3 e6 5.e3 Nbd7 6.Bd3 dxc4 7.Bxc4 b5 8.Bd3 Bb7
9.O-O a6 10.e4 c5 11.d5 c4 12.Bc2 Qc7 13.dxe6 fxe6 14.Nd4 Nc5 15.Qe2 Rd8
16.Be3 Bd6 17.f4 e5 18.Ndxb5 axb5 19.Nxb5 Qe7 20.Nxd6+ Qxd6 21.fxe5 Qxe5
22.Rf5 Qxb2 23.Rb1 Qxb1+ 24.Bxb1 Nd3 25.e5 Nd5 26.Bg5 Ne7 27.Rf1 Rd5 28.Qg4 Nxe5
29.Qe6 Nf3+ 30.Rxf3 Rxg5 31.Be4 Bd5 32.Bxd5 Rxd5 33.Qf7+ Kd8 34.Ra3 Rc5 35.Ra8+ Nc8
36.Qxg7  1-0

[Event "Goetzis op"]
[Site "Goetzis"]
[Date "1996.??.??"]
[Round "8"]
[White "Rupp, Markus"]
[Black "Amann, Guenter"]
[Result "1/2-1/2"]
[WhiteElo "2255"]
[BlackElo "1985"]

1.d4 d5 2.c4 c6 3.Nf3 Nf6 4.Nc3 e6 5.e3 Nbd7 6.Bd3 a6 7.e4 dxc4 8.Bxc4 c5
9.a4 cxd4 10.Nxd4 Bc5 11.Nb3  1/2-1/2

[Event "Graz op"]
[Site "Graz"]
[Date "1996.??.??"]
[Round "?"]
[White "Palos, Osman"]
[Black "Teske, Henrik"]
[Result "0-1"]
[WhiteElo "2340"]
[BlackElo "2510"]

1.d4 d5 2.c4 c6 3.e3 Nf6 4.Nc3 e6 5.Nf3 Nbd7 6.Bd3 dxc4 7.Bxc4 b5 8.Be2 Bb7
9.O-O a6 10.a3 c5 11.b3 Bd6 12.Bb2 O-O 13.dxc5 Nxc5 14.b4 Nce4 15.Nxe4 Bxe4
16.Bxf6 gxf6 17.Qd4 f5 18.Rad1 Be7 19.Qa1 Qc7 20.Rc1 Qb6 21.Nd2 Bd5 22.Bf3 Rfd8
23.Qc3 Bf8 24.Qf6 Bg7 25.Qh4 Rd7 26.Bxd5 Rxd5 27.Nb3 Qd8 28.Qg3 Qd6 29.Qh4 Bb2
30.Rb1 Be5 31.g3 Rc8 32.Nc5 Bg7 33.Qh3 Rd2 34.Qh5 a5 35.Rbd1 axb4 36.axb4 Qd5
37.Rxd2 Qxd2 38.Qh4 Ra8 39.Qf4 Qd5 40.h4 Qc4 41.Qc7 Qxb4 42.Rd1 Rf8 43.Qb6 Qc4
44.Rb1 Bb2 45.Rd1 h6 46.Rd8 Bf6 47.Rd1 Rc8 48.Nd7 Bc3 49.Qd6 Qc7 50.Qe7 Kg7
51.Qa3 b4 52.Qa4 Qc6 53.Qxc6 Rxc6 54.Rb1 f6 55.Nb8 Rb6 56.Nd7 Rb5 57.Kf1 Kf7  0-1

[Event "Graz op"]
[Site "Graz"]
[Date "1996.??.??"]
[Round "?"]
[White "Kock, Hans Uwe"]
[Black "Halser, Walter"]
[Result "1/2-1/2"]
[WhiteElo "2235"]
[BlackElo "2170"]

1.d4 Nf6 2.c4 e6 3.Nf3 d5 4.e3 c6 5.Nc3 Be7 6.Qc2 O-O 7.b3 b6 8.Bd3 Bb7 9.O-O Nbd7
10.Bb2 Rc8 11.Ne5 h6 12.f4 c5 13.Rad1 cxd4 14.exd4 Qc7 15.Qe2 Rfe8 16.Rc1 Qd8
17.cxd5 Nxd5 18.Nxd5 Bxd5 19.Rxc8 Qxc8 20.Rc1 Qd8 21.Nxd7 Qxd7 22.Bb5 Qd8
23.Bxe8 Qxe8 24.Qc2 Qb5 25.f5 Bg5 26.Re1 Bf6 27.Rd1 a5 28.fxe6 fxe6 29.Qd3 Qd7
30.Qg6 a4 31.Rf1 Qd8 32.Qd3 axb3 33.axb3 Qe8 34.Qg3 Kh7 35.Qd3+ Kg8 36.Bc1 h5
37.Be3 h4 38.Bf4 Qh5 39.Rc1 Qg4 40.g3 Qh3 41.Rc2 hxg3 42.Bxg3 Qg4 43.h3 Qxd4+
44.Qxd4 Bxd4+ 45.Bf2 Bxf2+ 46.Kxf2 Bxb3 47.Rb2 Bd5 48.Ke3 Kf7 49.Kf4 Kf6
50.Rxb6 g5+ 51.Kg4 Be4 52.Rb3 Kg6 53.Kg3 Bf5 54.Rb5 Kf6 55.h4 gxh4+ 56.Kxh4 Kg7
57.Kg5 Kh8 58.Rb8+ Kg7 59.Rb7+ Kf8 60.Kf6 Kg8 61.Rd7 Kh8 62.Rg7 Bh7 63.Kxe6  1/2-1/2

[Event "GRE-ch95"]
[Site "GRE"]
[Date "1996.??.??"]
[Round "1"]
[White "Nikolaidis, Ioannis"]
[Black "Karanikolas, Konstantinos"]
[Result "1-0"]
[WhiteElo "2530"]
[BlackElo "2300"]

1.d4 d5 2.c4 e6 3.Nf3 Nf6 4.Nc3 c6 5.e3 Nbd7 6.Qc2 Bd6 7.g4 h6 8.h3 Qe7 9.Bd2 a6
10.O-O-O b5 11.c5 Bc7 12.Kb1 a5 13.Bd3 Ba6 14.Ne2 O-O 15.g5 hxg5 16.Nxg5 e5
17.Ng3 exd4 18.exd4 Bxg3 19.fxg3 b4 20.Bh7+ Kh8 21.Rhe1 Qd8 22.Bf5 Ra7 23.Bf4 Nb8
24.g4  1-0

[Event "GRE-ch95"]
[Site "GRE"]
[Date "1996.??.??"]
[Round "3"]
[White "Vragoteris, Antonios"]
[Black "Karayannis, Athanasios"]
[Result "0-1"]
[WhiteElo "2330"]
[BlackElo "2375"]

1.d4 d5 2.c4 c6 3.Nf3 Nf6 4.Nc3 e6 5.e3 Nbd7 6.Qc2 Be7 7.Bd2 O-O 8.g4 e5
9.cxd5 exd4 10.Nxd4 Nxd5 11.Nxd5 cxd5 12.Bd3 g6 13.h4 Ne5 14.g5 Bg4 15.f4 Bf3
16.Rh2 Nxd3+ 17.Qxd3 Be4 18.Qb3 Qd7 19.Bc3 Rfe8 20.Kf2 Bc5 21.Rg1 Rac8 22.Qd1 b5
23.a3 Qe7 24.Rg3 b4 25.axb4 Bxb4 26.h5 Bxc3 27.bxc3 Rb8 28.hxg6 Rb2+ 29.Ne2 fxg6
30.Qd4 Reb8 31.Rgh3 Rxe2+ 32.Kxe2 Rb2+ 33.Ke1 Rb1+ 34.Kf2 Qb7 35.Kg3 Rg1+
36.Kh4 h6 37.Qf6 hxg5+ 38.Qxg5 Qh7+  0-1

[Event "GRE-ch95"]
[Site "GRE"]
[Date "1996.??.??"]
[Round "8"]
[White "Grivas, Efstratios"]
[Black "Karanikolas, Konstantinos"]
[Result "1-0"]
[WhiteElo "2475"]
[BlackElo "2300"]

1.d4 d5 2.c4 e6 3.Nf3 Nf6 4.Nc3 c6 5.e3 Nbd7 6.Bd3 Be7 7.O-O O-O 8.b3 b6
9.Bb2 Bb7 10.Qe2 c5 11.Rfd1 Rc8 12.Rac1 Bd6 13.cxd5 exd5 14.Bf5 Qe7 15.dxc5 Bxc5
16.Nd4 Rcd8 17.Na4 Bd6 18.Bd3 g6 19.Nb5 Ne5 20.Nxd6 Qxd6 21.h3 Nfd7 22.Ba6 Ba8
23.Qd2 Nb8 24.Bf1 Rc8 25.Nc3 Rfd8 26.Nb5 Qe7 27.Rxc8 Rxc8 28.Nxa7 Qxa7 29.Bxe5 Nd7
30.Ba1  1-0

[Event "Greenhills op"]
[Site "Greenhills"]
[Date "1996.??.??"]
[Round "1"]
[White "De Guzman, Ricardo"]
[Black "Lao, Elias"]
[Result "1-0"]
[WhiteElo "2400"]
[BlackElo "2250"]

1.d4 Nf6 2.Nf3 d5 3.c4 c6 4.Nc3 e6 5.e3 Be7 6.Bd3 dxc4 7.Bxc4 b5 8.Bd3 a6
9.O-O Bb7 10.e4 c5 11.dxc5 Bxc5 12.e5 Nd5 13.Ne4 Nd7 14.a3 Rc8 15.Bg5 Qb6
16.b4 Bf8 17.Qd2 h6 18.Bh4 g5 19.Bg3 Be7 20.h3 Kf8 21.Rfe1 Kg7 22.Nd6 Rcd8
23.Rad1 Ba8 24.Bb1 Qa7 25.Nd4 Nf8 26.Qd3 Qd7 27.Qd2 Qc7 28.Rc1 Qa7 29.Nc6 Bxc6
30.Rxc6 Qa8 31.Rec1 Ng6 32.Be4 Ngf4 33.Kh2 Qb8 34.Bxf4 Nxf4 35.g3 Nh5 36.Rxa6 Bxd6
37.exd6 Nf6 38.Bg2 Rd7 39.Qd4 Rhd8 40.Rcc6  1-0

[Event "SLO-ch"]
[Site "Grize"]
[Date "1996.??.??"]
[Round "?"]
[White "Kragelj, Igor"]
[Black "Crepan, Marjan"]
[Result "1-0"]
[WhiteElo "2225"]
[BlackElo "2340"]

1.d4 d5 2.c4 c6 3.Nc3 Nf6 4.e3 e6 5.Nf3 Nbd7 6.Bd3 a6 7.b3 b5 8.O-O Be7 9.Qc2 h6
10.e4 b4 11.Na4 dxe4 12.Bxe4 Nxe4 13.Qxe4 Ra7 14.c5 O-O 15.Re1 a5 16.Bd2 Ba6
17.a3 Qc7 18.axb4 axb4 19.Ra2 Nf6 20.Qc2 Nd5 21.Rea1 Bb5 22.Ne5 Rfa8 23.h3 Bg5
24.Bxg5 hxg5 25.Qd2 Ra6 26.Nb6 Rxa2 27.Rxa2 Ra3 28.Rxa3 bxa3 29.Qa5 f6 30.Qa8+ Kh7
31.Nxd5 cxd5 32.Nf3 e5 33.Qxa3 e4 34.Qb4 Be2 35.Ne1 Qe7 36.Qc3  1-0

[Event "SLO-ch"]
[Site "Grize"]
[Date "1996.??.??"]
[Round "?"]
[White "Jelen, Igor"]
[Black "Beliavsky, Alexander G"]
[Result "0-1"]
[WhiteElo "2415"]
[BlackElo "2620"]

1.d4 d5 2.c4 c6 3.Nc3 Nf6 4.e3 e6 5.Nf3 Nbd7 6.Bd3 dxc4 7.Bxc4 b5 8.Bd3 a6
9.e4 c5 10.d5 Qc7 11.O-O Bb7 12.dxe6 fxe6 13.Qe2 c4 14.Bc2 Bd6 15.Ng5 Nc5
16.f4 h6 17.Nh3 e5 18.a4 O-O 19.axb5 Ne6 20.bxa6 Rxa6 21.Rxa6 Bxa6 22.fxe5 Bxe5
23.Nd5 Qd6 24.Nxf6+ Bxf6 25.e5 Bxe5 26.Rxf8+ Kxf8 27.Qf3+ Ke7 28.Bg6 Bxh2+
29.Kh1 Be5 30.Be3 Bb5 31.Qf7+ Kd8 32.Qa7 Bd7 33.Qa5+ Ke7 34.Bd2 Kf6 35.Bh5 Qd3
36.Bc3 Bxc3 37.Qxc3+ Qxc3 38.bxc3 Bc6 39.Kg1 Ke5 40.Kf1 Nc7 41.Ng1 Nd5 42.Ne2 Ne3+
43.Kf2 Nxg2 44.Bf7 Nf4 45.Bxc4 Nxe2 46.Bxe2 Kf4  0-1

[Event "Koop Tjuchem op"]
[Site "Groningen"]
[Date "1996.??.??"]
[Round "1"]
[White "Ye Rongguang"]
[Black "Ippolito, Dean"]
[Result "1/2-1/2"]
[WhiteElo "2490"]
[BlackElo "2225"]

1.c4 e6 2.Nc3 d5 3.d4 Nf6 4.Nf3 c6 5.e3 Nbd7 6.Qc2 Bd6 7.Be2 O-O 8.O-O b6
9.e4 Nxe4 10.Nxe4 dxe4 11.Qxe4 Bb7 12.Rd1 Rb8 13.Bg5 Qc7 14.c5 bxc5 15.dxc5 Bxc5
16.Bd3 g6 17.Bf4 Bd6 18.Bxd6 Qxd6 19.Qh4 Qc7 20.Bc4 c5 21.Qe7 Bxf3 22.Rxd7 Qf4
23.b3 Bc6 24.Rdd1 Rbc8 25.Qxa7 Rfd8 26.Qe7 Rxd1+ 27.Rxd1 Qg4 28.Rd8+ Rxd8
29.Qxd8+ Kg7 30.Bf1 Bd5 31.Qd6 Qd4 32.h3 h5 33.Qa6 Qc3 34.Qe2 Qa1 35.Qc2 Qd4
36.a4 Qb4 37.Bc4 Qe1+ 38.Kh2 Qe5+ 39.g3 Bc6 40.Qe2 Qa1 41.Qf1 Qc3 42.Qe2 Qa1
43.Qf1 Qc3 44.Qd1 h4 45.Qe2 hxg3+ 46.fxg3 Qa1 47.Qf1 Qb2+ 48.Qe2 Qa1 49.Qf1 Qb2+
50.Qe2 Qa1 51.Qf1  1/2-1/2

[Event "Koop Tjuchem op"]
[Site "Groningen"]
[Date "1996.??.??"]
[Round "1"]
[White "Kempinski, Robert"]
[Black "Marcelin, Cyril"]
[Result "1-0"]
[WhiteElo "2510"]
[BlackElo "2260"]

1.d4 d5 2.Nf3 e6 3.c4 c6 4.Nc3 Nf6 5.e3 Nbd7 6.Qc2 Bd6 7.g4 Nxg4 8.Rg1 f5
9.h3 Ngf6 10.Rxg7 Ne4 11.Bd2 Kf8 12.Rg2 Rg8 13.cxd5 exd5 14.O-O-O Ndf6 15.Be1 Qe7
16.Ne5 Be6 17.f3 Nxc3 18.Rxg8+ Kxg8 19.Bxc3 Nd7 20.Bd3 Rf8 21.e4 Bxe5 22.dxe5 dxe4
23.fxe4 f4 24.Qg2+ Kh8 25.Be2 Qf7 26.Rd6 Nc5 27.Bf3 Na4 28.Be1 Bxa2 29.e6 Bxe6
30.Rd4 Rg8 31.Qf2 Nc5 32.Rd6 Nb3+ 33.Kb1 h6 34.Qh4 Kh7 35.Bh5 Nd2+ 36.Rxd2 Ba2+
37.Ka1  1-0

[Event "Koop Tjuchem"]
[Site "Groningen"]
[Date "1996.??.??"]
[Round "3"]
[White "Akopian, Vladimir"]
[Black "Shirov, Alexei"]
[Result "1/2-1/2"]
[WhiteElo "2630"]
[BlackElo "2685"]

1.d4 d5 2.c4 e6 3.Nf3 c6 4.Nc3 Nf6 5.e3 Nbd7 6.Qc2 Bd6 7.Be2 O-O 8.O-O dxc4
9.Bxc4 a6 10.Rd1 Qe7 11.a3 b5 12.Be2 c5  1/2-1/2

[Event "Koop Tjuchem op"]
[Site "Groningen"]
[Date "1996.??.??"]
[Round "4"]
[White "Ruzele, Darius"]
[Black "Delemarre, Jop"]
[Result "1-0"]
[WhiteElo "2520"]
[BlackElo "2360"]

1.d4 d5 2.c4 c6 3.Nc3 Nf6 4.e3 e6 5.Nf3 Nbd7 6.Qc2 Bd6 7.Be2 O-O 8.O-O dxc4
9.Bxc4 Qe7 10.h3 c5 11.dxc5 Bxc5 12.e4 Bd6 13.Nb5 Ne5 14.Nxe5 Bxe5 15.f4 Qc5+
16.Kh2 Bd7 17.b4 Qb6 18.fxe5 Bxb5 19.exf6 Rfc8 20.Qd2 Bxc4 21.Qg5 g6 22.Rf4 Qd6
23.a4 Ba2 24.Be3 Rc2 25.Bc5 Qd2 26.Rd1 Qe2 27.Rf2  1-0

[Event "Koop Tjuchem op"]
[Site "Groningen"]
[Date "1996.??.??"]
[Round "8"]
[White "Ruzele, Darius"]
[Black "Cifuentes Parada, Roberto"]
[Result "1/2-1/2"]
[WhiteElo "2520"]
[BlackElo "2500"]

1.d4 d5 2.c4 c6 3.Nc3 Nf6 4.e3 e6 5.Nf3 Nbd7 6.Qc2 Bd6 7.Be2 O-O 8.O-O dxc4
9.Bxc4 Qe7 10.h3 c5 11.dxc5 Bxc5 12.e4 Bd6 13.Nb5 Ne5 14.Nxe5 Bxe5 15.f4 Qc5+
16.Kh1 Bd7 17.b4 Qc8 18.Nxa7 Rxa7 19.fxe5 Bb5 20.Be3 Qxc4 21.Qxc4 Bxc4 22.Bxa7 Bxf1
23.Rxf1 Nxe4 24.Rc1 h5 25.b5 Rd8 26.a4 h4 27.Kh2 g5 28.Re1 Nc3 29.Be3 Nxa4
30.Bxg5 Rd4 31.Rc1 Rb4 32.Bf6 b6 33.Rc8+ Kh7 34.Rh8+ Kg6 35.Rg8+ Kh6 36.Rh8+ Kg6
37.Rg8+ Kh6 38.Rg7 Nc3 39.Rxf7 Nd5 40.Rf8 Nxf6 41.Rxf6+ Kg7 42.Rxe6 Rxb5
43.Re8 Rb4 44.Kg1 Rf4 45.e6 Re4 46.e7 Kf6 47.Rb8 Rxe7 48.Rxb6+ Kg5 49.Rb5+ Kg6
50.Kf2 Ra7 51.Re5 Rf7+ 52.Ke3 Rf6 53.Re4 Kg5 54.Rg4+ Kh5 55.Rf4 Rg6 56.Rf8 Rg3+
57.Kf4 Kh6 58.Rh8+ Kg7 59.Rxh4 Rxg2 60.Rg4+  1/2-1/2

[Event "Koop Tjuchem op"]
[Site "Groningen"]
[Date "1996.??.??"]
[Round "9"]
[White "Schlosser, Philipp"]
[Black "Brenninkmeijer, Joris"]
[Result "1-0"]
[WhiteElo "2560"]
[BlackElo "2505"]

1.Nf3 Nf6 2.c4 c6 3.Nc3 d5 4.e3 e6 5.d4 Nbd7 6.Qc2 Bd6 7.Bd3 O-O 8.O-O dxc4
9.Bxc4 Qe7 10.h3 a6 11.a4 c5 12.Rd1 h6 13.a5 cxd4 14.exd4 b5 15.axb6 Nxb6
16.Bd3 Nbd5 17.Qe2 Nb4 18.Bb1 Bb7 19.Ne5 Rfc8 20.Re1 Qe8 21.Qe3 Kh8 22.Qg3 Bf8
23.Bd2 Nbd5 24.Qh4 Nd7 25.Ne4 Nxe5 26.dxe5 Rc4 27.Qg3 Rd4 28.Bc3 Nxc3 29.bxc3 Rc4
30.Nd6 Bxd6 31.Qd3 g6 32.Qxc4 Bf8 33.Be4 Rc8 34.Qd3 Bxe4 35.Rxe4 Qc6 36.Rxa6 Qxc3
37.Qxc3 Rxc3 38.Ra7 Kg8 39.Rf4 Bg7 40.g3 Bxe5 41.Rfxf7 Bd4 42.Rab7 Rxg3+
43.Kf1 Rb3 44.Rbd7 Rxh3 45.Rfe7 Kf8 46.Rxe6 Rh4 47.Ra6 Ke8 48.Rh7 Rh1+ 49.Kg2 Ra1
50.Rxg6  1-0